Which City? - Statistics

General Stats
  • This quiz has been taken 21 times
    9 since last reset
  • The average score is 11 of 16
Answer Stats
Picture Answer % Correct
Amsterdam
100%
Istanbul
100%
London
100%
Cairo
83%
Cape Town
83%
Marseille
83%
Shanghai
83%
Yangon
83%
Mostar
67%
Mumbai
67%
Québec
67%
Auckland
50%
Hong Kong
50%
Medellìn
33%
Nur-Sultan
33%
Sana'a
33%
No matching quizzes found
Score Distribution
Percent of People with Each Score
Percentile by Number Answered
Your Score History
You have not taken this quiz since the last reset